Luật 101: Mọi điều bạn cần biết về pháp luật Hoa Kỳ = Law 101 : Everything you need to know about America law

Đề cập nhiều vấn đề pháp lý từ mọi khía cạnh của hệ thống pháp luật Mỹ, từ luật hiến pháp và quá trình tranh tụng đến luật bồi thường thiệt hại do lỗi bất cẩn, luật hợp đồng, luật sở hữu, luật hình sự, ... qua những mẩu chuy...

ver descrição completa

Na minha lista:
Detalhes bibliográficos
Autor principal: Feinman, Jay M.
Formato: Livro
Idioma:Undetermined
Publicado em: Hà Nội Hồng Đức 2015
Assuntos:
Tags: Adicionar Tag
Sem tags, seja o primeiro a adicionar uma tag!
Thư viện lưu trữ: Trung tâm Học liệu Trường Đại học Cần Thơ
LEADER 01223nam a2200229Ia 4500
001 CTU_220996
008 210402s9999 xx 000 0 und d
020 |c 159000 
082 |a 349.73 
082 |b F299 
100 |a Feinman, Jay M. 
245 0 |a Luật 101: 
245 0 |b Mọi điều bạn cần biết về pháp luật Hoa Kỳ = Law 101 : Everything you need to know about America law 
245 0 |c Jay M. Feinman ; Nguyễn Hồng Tâm, Trần Quang Hồng, Nguyễn Thị Thanh (dịch) ; Nguyễn Đăng Dung, Vũ Công Giao (Hiệu đính) 
260 |a Hà Nội 
260 |b Hồng Đức 
260 |c 2015 
520 |a Đề cập nhiều vấn đề pháp lý từ mọi khía cạnh của hệ thống pháp luật Mỹ, từ luật hiến pháp và quá trình tranh tụng đến luật bồi thường thiệt hại do lỗi bất cẩn, luật hợp đồng, luật sở hữu, luật hình sự, ... qua những mẩu chuyện hay. 
650 |a Law,Luật 
650 |z United States,Hoa Kỳ 
904 |i Hải 
980 |a Trung tâm Học liệu Trường Đại học Cần Thơ